Brownfield projects hit brick wall (Record no. 69405)

MARC details
000 -LEADER
fixed length control field 01027cam a2200241 4500
001 - CONTROL NUMBER
control field WB3804-19
008 - FIXED-LENGTH DATA ELEMENTS--GENERAL INFORMATION
fixed length control field 020130n2002 000 0 eng u
035 ## - SYSTEM CONTROL NUMBER
System control number (Sirsi) u116550
245 ## - TITLE STATEMENT
Title Brownfield projects hit brick wall
260 ## - PUBLICATION, DISTRIBUTION, ETC.
Date of publication, distribution, etc. 2002
490 ## - SERIES STATEMENT
Series statement Regeneration and Renewal
Volume/sequential designation 25 January 2002, 5(1)
520 ## - SUMMARY, ETC.
Summary, etc. Research by RICS warns that the slowness of regional development agencies (RDAs) to implement replacements for the Partnership Investment Programme (PIP) will undermine government plans for regeneration of brownfield land. The RICS report recommends that the DTLR negotiates a new Europe-wide regeneration framework allowing individual member states the freedom to fund private sector initiatives.
590 ## - LOCAL NOTE (RLIN)
Local note WB
650 ## - SUBJECT ADDED ENTRY--TOPICAL TERM
Topical term or geographic name entry element BROWNFIELD LAND
650 ## - SUBJECT ADDED ENTRY--TOPICAL TERM
Topical term or geographic name entry element REGIONAL DEVELOPMENT AGENCIES
650 ## - SUBJECT ADDED ENTRY--TOPICAL TERM
Topical term or geographic name entry element RDAS
650 ## - SUBJECT ADDED ENTRY--TOPICAL TERM
Topical term or geographic name entry element RICS
650 ## - SUBJECT ADDED ENTRY--TOPICAL TERM
Topical term or geographic name entry element PARTNERSHIP INVESTMENT PROGRAMME
650 ## - SUBJECT ADDED ENTRY--TOPICAL TERM
Topical term or geographic name entry element EUROPEAN COMMISSION
650 ## - SUBJECT ADDED ENTRY--TOPICAL TERM
Topical term or geographic name entry element BROWNFIELD INVESTMENT GRANT
690 ## - LOCAL SUBJECT ADDED ENTRY--TOPICAL TERM (OCLC, RLIN)
Topical term or geographic name as entry element REGENERATION
942 ## - ADDED ENTRY ELEMENTS (KOHA)
Suppress in OPAC 0
Holdings
Withdrawn status Lost status Source of classification or shelving scheme Damaged status Not for loan Home library Current library Shelving location Date acquired Total Checkouts Full call number Barcode Date last seen Copy number Price effective from Koha item type
    Dewey Decimal Classification     London London News article 30/01/2002   WB3804-19 116550-1001 06/08/2019 1 06/08/2019 News article